[Event "Regionalliga NO 1314"]
[Site "Bayern"]
[Date "2014.04.06"]
[Round "9.7"]
[White "Frischholz, Roland"]
[Black "Grossner, Josef"]
[Result "1-0"]
[WhiteElo "1791"]
[BlackElo "1574"]
[PlyCount "67"]
[EventDate "2013.10.13"]
[EventType "team-tourn"]
[EventRounds "9"]
[EventCountry "GER"]
[SourceTitle "EXT 2015"]
[Source "ChessBase"]
[SourceDate "2014.11.20"]
[SourceVersion "1"]
[SourceVersionDate "2014.11.20"]
[SourceQuality "1"]
[WhiteTeam "Schwandorf"]
[BlackTeam "Fuerth SF"]
[WhiteTeamCountry "GER"]
[BlackTeamCountry "GER"]

1. e4 e6 2. d4 d5 3. Nd2 dxe4 4. Nxe4 Nd7 5. Nf3 Ngf6 6. Bd3 Nxe4 7. Bxe4 Nf6 8. Bg5 Be7 9. Bd3 0-0 10. Qe2 c5 11. 0-0-0 Qa5 12. Kb1 Rd8 13. dxc5 Qxc5 14. Rd2 Bd7 15. Rhd1 Bc6 16. h4 h6 17. Be3 Qa5 18. Bd4 Bxf3 19. Qxf3 Rxd4 20. Bh7+ Kxh7 21. Rxd4 Qc7 22. g4 Rd8 23. Qd3+ g6 24. Rxd8 Bxd8 25. Qxd8 Qxd8 26. Rxd8 Nxg4 27. Rd7 Kg7 28. Rxb7 Nxf2 29. Rxa7 e5 30. a4 Kf6 31. a5 e4 32. Kc1 e3 33. a6 Ke6 34. Ra8 1-0

[Event "Regionalliga NO 1213"]
[Site "Bayern"]
[Date "2013.04.14"]
[Round "9.7"]
[White "Ammon, Dominik"]
[Black "Frischholz, Roland"]
[Result "1-0"]
[WhiteElo "1767"]
[BlackElo "1817"]
[PlyCount "81"]
[EventDate "2012.10.14"]
[EventType "team-tourn"]
[EventRounds "9"]
[EventCountry "GER"]
[SourceTitle "EXT 2015"]
[Source "ChessBase"]
[SourceDate "2014.11.20"]
[SourceVersion "1"]
[SourceVersionDate "2014.11.20"]
[SourceQuality "1"]
[WhiteTeam "Altensittenbach"]
[BlackTeam "Schwandorf"]
[WhiteTeamCountry "GER"]
[BlackTeamCountry "GER"]

1. e4 c5 2. c3 d5 3. exd5 Qxd5 4. d4 cxd4 5. cxd4 Nc6 6. Nf3 e5 7. Nc3 Bb4 8. Bd2 Bxc3 9. Bxc3 Bg4 10. dxe5 Bxf3 11. Qxf3 Nge7 12. Qxd5 Nxd5 13. Bb5 0-0 14. Bxc6 bxc6 15. 0-0-0 Rfd8 16. g3 Rab8 17. Bd4 Rb4 18. Rd2 Rdb8 19. Rhd1 Ra4 20. a3 Kf8 21. Rc2 Ra6 22. Bc5+ Ke8 23. Rd4 Rb5 24. Rcc4 Kd7 25. Bf8 g6 26. Ra4 Rxa4 27. Rxa4 Rb7 28. Bc5 Nb6 29. Bxb6 axb6 30. Kd2 Ke6 31. f4 Kd5 32. Ke3 c5 33. b3 b5 34. Ra6 c4 35. b4 c3 36. Kd3 Rd7 37. Kxc3 Ke4 38. a4 bxa4 39. Rxa4 Rd3+ 40. Kc4 Rd2 41. b5 1-0

[Event "Regionalliga NO 1213"]
[Site "Bayern"]
[Date "2013.02.24"]
[Round "7.7"]
[White "Wagner, Robert"]
[Black "Frischholz, Roland"]
[Result "1/2-1/2"]
[WhiteElo "1750"]
[BlackElo "1817"]
[PlyCount "23"]
[EventDate "2012.10.14"]
[EventType "team-tourn"]
[EventRounds "9"]
[EventCountry "GER"]
[SourceTitle "EXT 2015"]
[Source "ChessBase"]
[SourceDate "2014.11.20"]
[SourceVersion "1"]
[SourceVersionDate "2014.11.20"]
[SourceQuality "1"]
[WhiteTeam "Forchheim II"]
[BlackTeam "Schwandorf"]
[WhiteTeamCountry "GER"]
[BlackTeamCountry "GER"]

1. d4 Nf6 2. c4 e6 3. Nf3 d5 4. e3 c5 5. Nc3 Nc6 6. a3 Be7 7. dxc5 Bxc5 8. b4 Bd6 9. Bb2 0-0 10. Be2 dxc4 11. Bxc4 Ne5 12. Bb3 1/2-1/2

[Event "Nittenau-ch 11th"]
[Site "Nittenau"]
[Date "2011.09.18"]
[Round "5"]
[White "Langensteiner, Matthias"]
[Black "Frischholz, Roland"]
[Result "1-0"]
[WhiteElo "2025"]
[BlackElo "1802"]
[PlyCount "73"]
[EventDate "2011.09.16"]
[EventType "swiss"]
[EventRounds "5"]
[EventCountry "GER"]
[SourceTitle "EXT 2022"]
[Source "ChessBase"]
[SourceDate "2021.10.06"]
[SourceVersion "1"]
[SourceVersionDate "2021.10.06"]
[SourceQuality "1"]

1. d4 Nf6 2. c4 e6 3. Nf3 d5 4. Nc3 Be7 5. Bg5 0-0 6. e3 h6 7. Bh4 c6 8. Bd3 Nbd7 9. cxd5 exd5 10. 0-0 Re8 11. Qc2 Bd6 12. Rab1 Qc7 13. Rfc1 a6 14. b4 Be7 15. a4 Nb6 16. Qb3 Be6 17. b5 Nbd7 18. bxc6 bxc6 19. Ne2 Rab8 20. Qc2 Rxb1 21. Rxb1 a5 22. Nc3 Bb4 23. Bg3 Qa7 24. Na2 c5 25. dxc5 Bxc5 26. Nc3 Bb4 27. Nb5 Qc5 28. Qb2 Nb6 29. Bd6 Nxa4 30. Qb3 Qc6 31. Bxb4 axb4 32. Qxa4 Bd7 33. Qxb4 Rb8 34. Nfd4 Qb6 35. Qd6 Be8 36. Qxb6 Rxb6 37. Nc7 1-0

[Event "Nittenau-ch 11th"]
[Site "Nittenau"]
[Date "2011.09.17"]
[Round "2"]
[White "Frischholz, Roland"]
[Black "Askri, Samir"]
[Result "1-0"]
[WhiteElo "1802"]
[BlackElo "1630"]
[PlyCount "63"]
[EventDate "2011.09.16"]
[EventType "swiss"]
[EventRounds "5"]
[EventCountry "GER"]
[SourceTitle "EXT 2022"]
[Source "ChessBase"]
[SourceDate "2021.10.06"]
[SourceVersion "1"]
[SourceVersionDate "2021.10.06"]
[SourceQuality "1"]

1. e4 c5 2. Nf3 d6 3. d4 cxd4 4. Nxd4 Nf6 5. Nc3 a6 6. Be2 e6 7. Be3 Be7 8. Qd2 b5 9. a3 Bb7 10. f3 Nbd7 11. g4 Nb6 12. g5 Nfd7 13. Nb3 Rc8 14. 0-0-0 Ne5 15. Bxb6 Qxb6 16. f4 Nc4 17. Bxc4 Rxc4 18. Rhe1 h6 19. h4 hxg5 20. hxg5 Rh3 21. Nd4 g6 22. f5 e5 23. fxg6 fxg6 24. Nb3 Rg3 25. Kb1 Rxg5 26. Nd5 Bxd5 27. Qxd5 Rg2 28. c3 Rg4 29. Nd2 Rc7 30. Qe6 Rg3 31. Rh1 Kf8 32. Rdf1+ 1-0

[Event "Nittenau-ch 09th"]
[Site "Nittenau"]
[Date "2009.09.19"]
[Round "3"]
[White "Straub, Roland"]
[Black "Frischholz, Roland"]
[Result "0-1"]
[WhiteElo "1595"]
[BlackElo "1752"]
[PlyCount "31"]
[EventDate "2009.09.18"]
[EventType "swiss"]
[EventRounds "5"]
[EventCountry "GER"]
[SourceTitle "EXT 2022"]
[Source "ChessBase"]
[SourceDate "2021.10.06"]
[SourceVersion "1"]
[SourceVersionDate "2021.10.06"]
[SourceQuality "1"]

1. e4 c5 2. Bc4 e6 3. c3 d5 4. exd5 exd5 5. Bb3 Nf6 6. Na3 Nc6 7. d3 Bd6 8. Nc2 0-0 9. Ne2 Re8 10. Bg5 Be6 11. 0-0 Bxh2+ 12. Kxh2 Ng4+ 13. Kg1 Qxg5 14. Ne1 Qh5 15. Nf3 Nce5 16. Re1 0-1

[Event "Nittenau-ch 8th"]
[Site "Nittenau"]
[Date "2008.11.15"]
[Round "3"]
[White "Frischholz, Roland"]
[Black "Maurer, Christian"]
[Result "1/2-1/2"]
[WhiteElo "1749"]
[BlackElo "1982"]
[PlyCount "84"]
[EventDate "2008.11.14"]
[EventType "swiss"]
[EventRounds "5"]
[EventCountry "GER"]
[SourceTitle "EXT 2010"]
[Source "ChessBase"]
[SourceDate "2010.11.25"]
[SourceVersion "1"]
[SourceVersionDate "2010.11.25"]
[SourceQuality "1"]

1. d4 d5 2. c4 c6 3. Nc3 Nf6 4. Nf3 a6 5. cxd5 cxd5 6. e3 Nc6 7. Be2 Bg4 8. 0-0 e6 9. Bd2 Be7 10. Rc1 0-0 11. h3 Bh5 12. Nh2 Bxe2 13. Qxe2 Rc8 14. Ng4 b5 15. f4 Qd6 16. Ne5 Nd7 17. Qg4 Nb6 18. b3 f6 19. Nf3 b4 20. Ne2 Na7 21. f5 e5 22. dxe5 fxe5 23. Ng5 Bxg5 24. Qxg5 a5 25. Ng3 Rxc1 26. Bxc1 Qf6 27. Qg4 Nd7 28. Bb2 Rc8 29. Nh5 Qf7 30. f6 g6 31. Qg5 Nb5 32. Ng3 Kh8 33. Bxe5 Nxe5 34. Qxe5 Re8 35. Qf4 Nc3 36. Rf2 Kg8 37. h4 h5 38. Qg5 Kh7 39. Qf4 Re6 40. Qg5 Nd1 41. Rf3 Nc3 42. Kh2 Re8 1/2-1/2

[Event "Oberpfalz-ch M2"]
[Site "Kareth Lappersdorf"]
[Date "2008.03.16"]
[Round "4"]
[White "Frischholz, Roland"]
[Black "Gogeissl, Christian"]
[Result "1-0"]
[WhiteElo "1703"]
[BlackElo "1791"]
[PlyCount "81"]
[EventDate "2008.03.15"]
[EventType "swiss"]
[EventRounds "8"]
[EventCountry "GER"]
[SourceTitle "EXT 2022"]
[Source "ChessBase"]
[SourceDate "2021.10.06"]
[SourceVersion "1"]
[SourceVersionDate "2021.10.06"]
[SourceQuality "1"]

1. e4 e5 2. Nf3 Nc6 3. d4 exd4 4. Nxd4 Nf6 5. Bg5 Be7 6. Nf5 0-0 7. Nc3 d5 8. Nxe7+ Qxe7 9. Be2 dxe4 10. Nd5 Qe5 11. Bxf6 gxf6 12. 0-0 Kh8 13. c4 Rg8 14. Re1 Qg5 15. Bf1 Bh3 16. f4 Qg6 17. Qc2 f5 18. Qc3+ Rg7 19. Qxh3 Nd4 20. Re3 Qd6 21. Rd1 c5 22. Kh1 Rag8 23. Qh4 Rg6 24. Rh3 R8g7 25. Qe7 Qxe7 26. Nxe7 Re6 27. Nd5 Rg8 28. b4 b6 29. bxc5 bxc5 30. Ra3 Rb8 31. Rxa7 e3 32. Rxf7 e2 33. Bxe2 Nxe2 34. Nf6 Rxf6 35. Rxf6 Nd4 36. Rf7 Kg8 37. Rc7 Ne6 38. Rc6 Kf7 39. h3 Nxf4 40. Rd7+ Kg8 41. Rxc5 1-0

[Event "Oberpfalz-ch M2"]
[Site "Kareth Lappersdorf"]
[Date "2008.03.15"]
[Round "2"]
[White "Blodig, Martin"]
[Black "Frischholz, Roland"]
[Result "1-0"]
[WhiteElo "1819"]
[BlackElo "1703"]
[PlyCount "67"]
[EventDate "2008.03.15"]
[EventType "swiss"]
[EventRounds "8"]
[EventCountry "GER"]
[SourceTitle "EXT 2022"]
[Source "ChessBase"]
[SourceDate "2021.10.06"]
[SourceVersion "1"]
[SourceVersionDate "2021.10.06"]
[SourceQuality "1"]

1. e4 c5 2. Nc3 Nc6 3. Nf3 e6 4. d4 cxd4 5. Nxd4 a6 6. Be2 Bc5 7. Be3 Qe7 8. Na4 Bb4+ 9. c3 Ba5 10. Nxc6 bxc6 11. Bc5 Qd8 12. Qd6 Nf6 13. Qg3 Nxe4 14. Qxg7 Qf6 15. Qxf6 Nxf6 16. 0-0-0 d5 17. g4 Ne4 18. Bd4 Rg8 19. Bd3 Bd7 20. f3 Ng5 21. Rdf1 h6 22. h4 Nxf3 23. Rxf3 Rxg4 24. Rf6 e5 25. Bxe5 Rxa4 26. Rxh6 Ra7 27. Bc2 Rg4 28. Bd4 Rb7 29. Rh8+ Ke7 30. Bc5+ Kf6 31. Rf1+ Kg7 32. Rh7+ Kg8 33. Rfxf7 Rb5 34. Rf8# 1-0